Liv and Maddie quotes - Statistics

General Stats
  • This quiz has been taken 211 times
    208 since last reset
  • The average score is 18 of 33
Answer Stats
Quote Answer % Correct
"Liv, would you mind if I threw South so far she became North?" Maddie
97%
"On the bright side I have a new pair of dirty underwear to hang on the Christmas tree!" Parker
94%
"I'm saving your bacon. You can thank me later...with bacon!" Joey
91%
"No thanks, I just ate bologna like five years ago" Liv
89%
"There were several unicorns!' Willow
86%
"Of course! After you leave I'm not gonna say 'ugh I wish I had spent more time with my ukulele!'" Diggy
85%
"The right pair of shoes can make a girl feel magical"--Liv "A-and her mom when she browrows them!"-- Karen
85%
"Let me consult the beard..." Pete
82%
"He broke all the rules of minion hood...For me!" Artie
74%
"Hello Stevens point!" Johnny
74%
"Aww...love... YELGH!" Stains
65%
"He's right, some ladybugs is dudes" Dump truck
63%
"July is when mother finally promised that I could watch TV" Evan
60%
"Did I say he was my cousin? Cause I've actually never seen him before in my life" Ruby
59%
"Ooo...Open my lemonade with your abs Diggy-pooh!" South
57%
"Here's some strawberry lipgloss. Don't --- it" --Liv Eat
55%
"Boom chicken soup!" Linda
55%
"You know what? That was my underwear! Then who's are these?" Reggie
52%
"Look at me! Closer!!" Jemma
51%
"I figured if we can't up cycle the up cycling bin then...what are we even doing this for?" Andy
50%
"Um...You mean in my incredibly talented face" Holden
50%
"Whoa! Did you see that?! I was way up there!" Josh
48%
"Hey Glasses! I flexed so hard my sleeves fell off!" Todd
47%
"That's some ----- lookin barbecue you got there"--Pete Solid
45%
"I gave up the -------- for a guy...regretted it ever since"--Stains Bagpipes
33%
"Welcome to The Peppy Rainbow the peppy ------ store! Thank you, thank you, thank you for walking through the door!" Fro yo
33%
"Wait 'purp' is the beginning of the word purple which is the color of our uniforms! Is that a clue?" Lacy
33%
"That is an aesthetically sound tush" Alex
30%
(Hard) "California is a strange place" Taylor the minion
28%
"Her voice is like a million tiny ------ pounding my head!"--Diggy Hammers
26%
"Thank you for turning 'A Mid Summer Nights Dream' in to a mid afternoon nightmare" Ms. Snodgrass
22%
"-------is an ugly flavor on you, Liv"--Joey Bitterness
17%
"Sorry kid...I ate it" Clodfelter
10%
No matching quizzes found
Score Distribution
Percent of People with Each Score
Percentile by Number Answered
Your Score History
You have not taken this quiz since the last reset